Decentralisation and poverty: conceptual framework and application to Uganda (Record no. 74122)

000 -LEADER
fixed length control field 01816pab a2200193 454500
008 - FIXED-LENGTH DATA ELEMENTS--GENERAL INFORMATION
fixed length control field 180718b2007 xxu||||| |||| 00| 0 eng d
100 ## - MAIN ENTRY--PERSONAL NAME
Personal name Steiner, Susan
245 ## - TITLE STATEMENT
Title Decentralisation and poverty: conceptual framework and application to Uganda
260 ## - PUBLICATION, DISTRIBUTION, ETC.
Date of publication, distribution, etc. 2007
300 ## - PHYSICAL DESCRIPTION
Extent p.175-85.
362 ## - DATES OF PUBLICATION AND/OR SEQUENTIAL DESIGNATION
Dates of publication and/or sequential designation May
520 ## - SUMMARY, ETC.
Summary, etc. In order to shed further light on the discussion about decentralisation-poverty linkages in developing countries, this article introduces a conceptual framework for the relationship between decentralisation and poverty. The framework takes the form of an optimal scenario and indicates potential ways for an impact of decentralisation on poverty. Three different but interrelated channels are identified. Decentralisation is considered to affect poverty through providing opportyunities for previously excluded people to participate in public decision-making, through increasing efficiency in the provision of local public services due to an informational advantage of local governments over the central government and through granting autonomy to geographically separable conflict groups and entitling local bodies to resolve local-level conflicts. Based on the experience with decentralisation in Uganda, it is shown that these channels are often not fully realised in practice. Different reasons are singled out for the Ugandan case, among them low levels of information about local government affairs, limited human capital and financial resources, restricted local autonomy, corruption and patronage, high administrative costs related with decentralisation and low downward accountability. - Reproduced.
650 ## - SUBJECT ADDED ENTRY--TOPICAL TERM
Topical term or geographic name entry element Decentralization - Uganda
650 ## - SUBJECT ADDED ENTRY--TOPICAL TERM
Topical term or geographic name entry element Poverty - Ugenda
650 ## - SUBJECT ADDED ENTRY--TOPICAL TERM
Topical term or geographic name entry element Poverty
773 ## - HOST ITEM ENTRY
Main entry heading Public Administration and Development
908 ## - PUT COMMAND PARAMETER (RLIN)
Put command parameter N
909 ## -
-- 74122
Holdings
Withdrawn status Lost status Damaged status Not for loan Permanent Location Current Location Date acquired Serial Enumeration / chronology Barcode Date last seen Price effective from Koha item type
        Indian Institute of Public Administration Indian Institute of Public Administration 2018-07-19 Volume no: 27, Issue no: 2 AR74582 2018-07-19 2018-07-19 Articles

Powered by Koha